Hospodárska kríza a financovanie komunitných nadácií

Analýza dopadu prebiehajúcej hospodárskej krízy na príjmovú časť komunitných nadácií na Slovensku. (Na príklade 6 komunitných nadácií, teda polovica z celkového počtu komunitných nadácií na Slovensku). Analýza celkových výnosov subjektov, počas analyzovaného obdobia, ktorým sú roky 2006 až 2010 vrát...

Full description

Saved in:
Bibliographic Details
Main Author: Poliak, Ladislav
Format: Book Chapter
Language:Slovak
Subjects:
Tags: Add Tag
No Tags, Be the first to tag this record!

MARC

LEADER 00000nla$a2200000$$$4500
001 0146913
005 20220729111410.0
041 0 |a slo 
044 |a SK 
245 1 0 |a Hospodárska kríza a financovanie komunitných nadácií  |c Ladislav Poliak 
520 |a Analýza dopadu prebiehajúcej hospodárskej krízy na príjmovú časť komunitných nadácií na Slovensku. (Na príklade 6 komunitných nadácií, teda polovica z celkového počtu komunitných nadácií na Slovensku). Analýza celkových výnosov subjektov, počas analyzovaného obdobia, ktorým sú roky 2006 až 2010 vrátane. Miera samofinancovania organizácií a inštitút podielu zo zaplatenej dane z príjmu, jeho význam pre vybrané komunitné nadácie, a jeho vývoj z hľadiska času. 
610 2 0 |a analýza finančná 
610 2 0 |a kríza hospodárska 
610 2 0 |a nadácie 
610 2 0 |a dane z príjmov 
610 2 0 |a samofinancovanie 
100 1 |a Poliak, Ladislav